| 000 | 00374nam a22001577a 4500 | ||
|---|---|---|---|
| 003 | SGT | ||
| 020 | _a978-9388725576 | ||
| 082 |
_a617.632 _bP21C |
||
| 100 | _aCHAURASIA D.D. | ||
| 245 | _aPEDIATRICS FOR STUDENTS AND PRACTITIONERS | ||
| 250 | _a2ND | ||
| 260 |
_aNEW DELHI _bCBS PUBLISHER _c2021 |
||
| 300 | _a1-386 | ||
| 650 | _aPEDIATRICS DENTISTRY | ||
| 942 |
_2ddc _cBK |
||
| 999 |
_c20862 _d20862 |
||